000 00509nam a22001697a 4500
005 20240307144122.0
008 240307b |||||||| |||| 00| 0 eng d
020 _a9781455743865
082 _a617.692
_bSEN-M
100 _aSendax; Victor. L
245 _aMini dental Implants :
_bprinciples and practice /
_cVictor L. Sendax
260 _aChina :
_bElsevier ;
_c2013 .
300 _axxii , 296 p. :
_bill ;
_c28.5 cm .
500 _aInclude Index. Hard binding.
650 _aMedical / Denistry
999 _c35275
_d35275